000 00422nam a2200133 a 4500
001 000026824
005 20200930030431.0
008 110325s1977 dr ac 000 0 spa d
040 _aDO-SdBNP
_bspa
_cBNPHU
245 0 0 _aEnfermedades de los animales domésticos en República Dominicana.
260 _aSanto Domingo, :
_bDirección general de Ganadería,
_c1977.
300 _a357 p. :
_bil. retrs. ;
_c27 cm.
049 _aBNPD
999 _c26316
_d26316